[Event "Mittelfranken-chTB2b 1011"]
[Site "Germany"]
[Date "2010.12.05"]
[Round "4.7"]
[White "Cipra, Uwe"]
[Black "Peter, Uwe"]
[Result "1/2-1/2"]
[WhiteElo "1718"]
[BlackElo "1727"]
[PlyCount "56"]
[EventDate "2010.09.26"]
[EventType "team-tourn"]
[EventRounds "9"]
[EventCountry "GER"]
[SourceTitle "EXT 2012"]
[Source "ChessBase"]
[SourceDate "2011.11.24"]
[SourceVersion "1"]
[SourceVersionDate "2011.11.24"]
[SourceQuality "1"]
[WhiteTeam "Schwanstetten"]
[BlackTeam "Erlangen Siemens"]
[WhiteTeamCountry "GER"]
[BlackTeamCountry "GER"]

1. Nf3 c5 2. d4 Nf6 3. Nc3 d5 4. dxc5 Nc6 5. Nd4 e5 6. Nxc6 bxc6 7. Bg5 Bxc5 8. e3 Bb4 9. Bxf6 Qxf6 10. a3 Bxc3+ 11. bxc3 0-0 12. Be2 Qg5 13. g3 Bh3 14. f4 Qe7 15. Kf2 Rae8 16. Qd2 Qc5 17. fxe5 Rxe5 18. Qd4 Qe7 19. Rhe1 Re4 20. Qd2 Re8 21. Bd3 Re5 22. Bf1 Rf5+ 23. Kg1 Bxf1 24. Rxf1 Rxf1+ 25. Kxf1 Qe4 26. Kf2 Re6 27. Rb1 Qf5+ 28. Kg2 g6 1/2-1/2

[Event "Mittelfranken-chTB2a 0809"]
[Site "Mittelfranken"]
[Date "2009.04.26"]
[Round "9.7"]
[White "Peter, Uwe"]
[Black "Heinkelmann, Josef"]
[Result "1/2-1/2"]
[WhiteElo "1762"]
[BlackElo "1804"]
[PlyCount "35"]
[EventDate "2008.10.12"]
[EventType "team"]
[EventRounds "9"]
[EventCountry "GER"]
[SourceTitle "EXT 2011"]
[Source "ChessBase"]
[SourceDate "2010.11.26"]
[SourceVersion "1"]
[SourceVersionDate "2010.11.26"]
[SourceQuality "1"]
[WhiteTeam "Erlangen Siemens"]
[BlackTeam "Forchheim III"]
[WhiteTeamCountry "GER"]
[BlackTeamCountry "GER"]

1. e4 c5 2. Nf3 Nc6 3. b3 e6 4. Bb5 Nf6 5. e5 Nd5 6. Bb2 Be7 7. 0-0 0-0 8. Nc3 Nxc3 9. Bxc3 Qb6 10. a4 Nd4 11. Bd3 d5 12. Nxd4 cxd4 13. a5 Qc5 14. b4 Qc7 15. Bxd4 Bxb4 16. a6 bxa6 17. c3 Ba5 18. Qa4 1/2-1/2